[Event "Gothenburg op"]
[Site "Gothenburg"]
[Date "2017.08.18"]
[Round "1"]
[White "Rosberg, Simon"]
[Black "Torkkeli, Ted"]
[Result "1-0"]
[WhiteElo "2318"]
[BlackElo "1767"]
[PlyCount "49"]
[EventDate "2017.08.18"]
[EventType "swiss"]
[EventRounds "8"]
[EventCountry "SWE"]
[SourceTitle "CBM 180 Extra"]
[Source "ChessBase"]
[SourceDate "2017.10.06"]
[SourceVersion "1"]
[SourceVersionDate "2017.10.06"]
[SourceQuality "1"]

1. c4 Nf6 2. Nf3 g6 3. g3 Bg7 4. Bg2 0-0 5. 0-0 d5 6. d4 Bg4 7. Ne5 Be6 8. Qb3 Nc6 9. Nxc6 bxc6 10. c5 Qb8 11. Qd1 Bc8 12. Nc3 Ba6 13. Re1 e5 14. dxe5 Nd7 15. f4 Nxc5 16. Rb1 Ne6 17. b4 Qd8 18. b5 cxb5 19. Nxd5 Rb8 20. Be3 c5 21. g4 Bb7 22. Rxb5 a6 23. Rxb7 c4 24. Rxb8 Qxb8 25. Qc2 1-0